=LDR 00000nam 2200000 4500 =001 INLIS000000000050926 =005 20170807082450 =035 ##$$a 0010-0817000109 =007 ta =008 170807###########################0###### =020 ##$$a 978-602-00-1989-5 =082 ##$$a 92 (Karmala ) =084 ##$$a 92 (Karmala ) DAH t =100 #$$a Dahlan Iskan =245 1#$$a Tidak Ada yang Tidak Bisa /$c Dahlan Iskan =250 ##$$a cet.6 =260 ##$$a Jakarta :$b Elex Media Komputindo,$c 2012 =300 ##$$a xi, 263 hlm ; $c 21 =650 ##$$a Karmala Surjaudaja =990 ##$$a 90139013 =990 ##$$a 31701682